Manchester United - kadra w sezonie 2023/24 - Statystyki

Ogólne statystyki
  • Ten quiz został rozwiązany 126 razy
  • Średni wynik to 22 z 32
Statystyki odpowiedzi
Nr Pozycja Narodowość Piłkarz % Poprawnych
17 Napastnik Argentyna Alejandro Garnacho
96%
24 Bramkarz Kamerun André Onana
94%
10 Napastnik Anglia Marcus Rashford
93%
11 Napastnik Dania Rasmus Højlund
93%
8 Pomocnik Portugalia Bruno Fernandes
90%
19 Obrońca Francja Raphaël Varane
90%
18 Pomocnik Brazylia Casemiro
89%
14 Pomocnik Dania Christian Eriksen
89%
20 Obrońca Portugalia Diogo Dalot
89%
2 Obrońca Szwecja Victor Lindelöf
88%
5 Obrońca Anglia Harry Maguire
87%
6 Obrońca Argentyna Lisandro Martínez
87%
9 Napastnik Francja Anthony Martial
85%
21 Napastnik Brazylia Antony
83%
4 Pomocnik Maroko Sofyan Amrabat
83%
39 Pomocnik Szkocja Scott McTominay
82%
23 Obrońca Anglia Luke Shaw
81%
37 Pomocnik Anglia Kobbie Mainoo
78%
7 Pomocnik Anglia Mason Mount
74%
16 Napastnik WKS Amad Diallo
70%
35 Obrońca Irlandia Północna Jonny Evans
69%
29 Obrońca Anglia Aaron Wan-Bissaka
65%
28 Pomocnik Urugwaj Facundo Pellistri
56%
1 Bramkarz Turcja Altay Bayındır
49%
34 Pomocnik Holandia Donny van de Beek
49%
46 Pomocnik Tunezja Hannibal Mejbri
47%
25 Napastnik Anglia Jadon Sancho
43%
53 Obrońca Francja Willy Kambwala
40%
15 Obrońca Hiszpania Sergio Reguilón
28%
84 Napastnik Anglia Ethan Wheatley
20%
62 Pomocnik Anglia Omari Forson
17%
44 Pomocnik Anglia Dan Gore
7%
Nie znaleziono quizów pasujących do podanych kryteriów
Rozkład punktacji
Procent ludzi z każdym wynikiem
Percentyl według liczby udzielonych odpowiedzi
Twoja historia wyników
Nie rozwiązałeś tego quizu